000 00616nam a2200229 i 4500
001 C2-0230456
003 PPAK
005 20180728083522.0
008 001029s1956 enk |||| ||||| | eng d
040 _aPPAK
_beng
_cPPAK
_erda
082 0 4 _a371.30281
_223
090 0 0 _a371.30281
_bPAL
_dKSI
100 1 _aPalmer, Harold E.,
_eauthor
245 1 4 _aThe teaching of oral English
264 1 _aLondon :
_bLongmans, Green ,
_c1956
300 _a100 pages ;
_c18 cm
336 _2rdacontent
_atext
337 _2rdamedia
_aunmediated
338 _2rdacarrier
_avolume
650 1 0 _aStudy methods
942 _ddc
_cB
999 _c150073
_d150073